Top 10 Smallest Indian States by Area - Statistics

General Stats
  • This quiz has been taken 41 times
  • The average score is 8 of 10
Answer Stats
Area in km² States % Correct
3,702 Goa
100%
7,096 Sikkim
97%
21,081 Mizoram
91%
22,327 Manipur
88%
16,579 Nagaland
85%
10,486 Tripura
82%
22,429 Meghalaya
74%
50,362 Punjab
65%
44,212 Haryana
59%
38,863 Kerala
56%
No matching quizzes found
Score Distribution
Percent of People with Each Score
Percentile by Number Answered
Your Score History
You have not taken this quiz